| 000 | 00563nam a22001697a 4500 | ||
|---|---|---|---|
| 999 |
_c60983 _d60983 |
||
| 005 | 20231204114135.0 | ||
| 008 | 231204s1971 ru ||||| |||| 00| 0 rus d | ||
| 041 | _arus | ||
| 080 | _a94(354) Б-43 | ||
| 100 |
_aБелявский, В.А. _920562 |
||
| 245 |
_aВавилон легендарный и Вавилон исторический / _cВ.А. Белявский. |
||
| 264 |
_aМосква : _bмысль, _c1971. |
||
| 300 |
_a318 с.: _bил.; _c18 см. |
||
| 653 | _aბაბილონი | ||
| 653 | _aისტორია | ||
| 942 |
_2udc _cBK |
||